| 000 | 00836cab a2200289 4500 | ||
|---|---|---|---|
| 001 | WB3033-08 | ||
| 008 | 090401t1994 xxu||||| |||| 00| 0 eng d | ||
| 035 | _a(Sirsi) u41584 | ||
| 041 | _aeng | ||
| 245 | _aBritish queue for Hong Kong airport work | ||
| 260 | _c1994 | ||
| 350 | _a0 | ||
| 490 |
_aBuilding _v259(7859) 9 September 1994, 10(1) |
||
| 520 | _aSeven of the eight shortlisted contractors to bid for contracts for the passenger terminal at Hong Kong`s Chek Lap Kok Airport are British. | ||
| 650 | _aALFRED MCALPINE | ||
| 650 | _aAMEC | ||
| 650 | _aBALFOUR BEATTY | ||
| 650 | _aCOSTAIN | ||
| 650 | _aGAMMON | ||
| 650 | _aHONG KONG AIRPORT | ||
| 650 | _aJOHN LAING | ||
| 650 | _aTRAFALGAR HOUSE | ||
| 650 | _aWIMPEY | ||
| 690 | _aBUILDING AND CONSTRUCTION-PROJECTS | ||
| 942 | _n0 | ||
| 948 | _c04/03/1997 | ||
| 999 |
_c26695 _d26695 |
||